000 00673nam a2200253Ia 4500
003 OSt
005 20220918163601.0
006 a|||||r|||| 00| 0
007 ta
008 220917b |||||||| |||| 00| 0 eng d
020 _a0192810049
024 _a47,250
037 _cTextual
040 _aARTS
_cARTS
_beng
041 _2eng
_aeng
082 _aO111:g(P), J2;L6
100 _aMurry J Middleton
_914008
245 0 _aProblem of style
260 _aLondon
_bOUP UK
_c1922
300 _a133p.
_ccm.
650 _aLINGUISTICS; ENGLISH LITERATURE
_914009
942 _hO111:g(P), J2;L6
_cTEXL
_2CC
999 _c120306
_d120306